| 000 | 00613nam a2200145Ia 4500 | ||
|---|---|---|---|
| 008 | 151213s9999 xx 000 0 und d | ||
| 100 | _aঅলিভার গোল্ডস্মিথ (আবদার রশিদ) | ||
| 245 |
_aবিশ্ব নাগরিক _cঅলিভার গোল্ডস্মিথ (আবদার রশিদ) |
||
| 260 |
_aঢাকা _bবাংলা একাডেমী। _c1981 |
||
| 300 | _a8422 p. | ||
| 650 | _aBangla | ||
| 650 | _aBengali Literature | ||
| 700 | _aঅলিভার গোল্ডস্মিথ (আবদার রশিদ) | ||
| 999 |
_c4260 _d4260 |
||